Actor Anagrams #4 - Statistics

General Stats
  • This quiz has been taken 9 times
  • The average score is 5 of 10
Answer Stats
Hint Answer % Correct
greed HeaLth Heath Ledger
100%
i Do me More Demi Moore
88%
Me angRy Meg Ryan
63%
Glad Goat Gal Gadot
50%
BacK in oven Kevin Bacon
50%
slOW on wine Owen Wilson
50%
BAd wine call Alec Baldwin
38%
rarE disH Ed Harris
25%
Mario is meaT Marisa Tomei
25%
an anKle Girl Karen Gillan
13%
No matching quizzes found
Score Distribution
Percent of People with Each Score
Percentile by Number Answered
Your Score History
You have not taken this quiz